E-Letter Subdivisions of Africa - Statistics

General Stats
  • This quiz has been taken 13 times
  • The average score is 16 of 26
Answer Stats
Country Subdivision Type Answer % Correct
Cameroon Region East
100%
Ghana Region Eastern
100%
Rwanda Province Eastern
100%
Sierra Leone Province Eastern
100%
Zambia Province Eastern
100%
South Africa Province Eastern Cape
100%
Nigeria State Enugu
83%
Sudan State East Darfur
67%
South Sudan State Eastern Equatoria
67%
Burkina Faso Region Est
67%
Gabon Province Estuaire
67%
Nigeria State Edo
50%
Algeria Province El Bayadh
50%
Algeria Province El Menia
50%
Algeria Province El Oued
50%
Kenya County Embu
50%
Chad Province Ennedi-Est
50%
Chad Province Ennedi-Ouest
50%
Democratic Republic of the Congo Province Équateur
50%
Namibia Region Erongo
50%
Nigeria State Ebonyi
33%
Nigeria State Ekiti
33%
Kenya County Elgeyo-Marakwet
33%
Algeria Province El M'Ghair
33%
Seychelles District English River
33%
Algeria Province El Taref
17%
No matching quizzes found
Score Distribution
Percent of People with Each Score
Percentile by Number Answered
Your Score History
You have not taken this quiz